Najlepsi Polscy Piłkarze w FIFA 21 - Statystyki

Ogólne statystyki
  • Ten quiz został rozwiązany 2 496 razy
  • Średni wynik to 9 z 17
Statystyki odpowiedzi
Ocena Ogólna Nazwisko Zawodnika % Poprawnych
91 Robert Lewandowski
100%
87 Wojciech Szczęsny
93%
81 Arkadiusz Milik
83%
80 Piotr Zieliński
83%
75 Kamil Glik
77%
80 Grzegorz Krychowiak
69%
81 Łukasz Fabiański
64%
78 Krzysztof Piątek
63%
77 Jan Bednarek
52%
75 Jakub Błaszczykowski
40%
80 Łukasz Piszczek
38%
76 Łukasz Skorupski
32%
75 Bartłomiej Drągowski
26%
76 Tomasz Kędziora
14%
77 Rafał Gikiewicz
12%
75 Adrian Mierzejewski
7%
75 Paweł Kieszek
1%
Nie znaleziono quizów pasujących do podanych kryteriów
Rozkład punktacji
Procent ludzi z każdym wynikiem
Percentyl według liczby udzielonych odpowiedzi
Twoja historia wyników
Nie rozwiązałeś tego quizu